| 000 | 00496nam a2200193 a 4500 | ||
|---|---|---|---|
| 001 | 6531 | ||
| 005 | 20180713190406.0 | ||
| 008 | 140415s1992 mx 000 0 spa d | ||
| 020 | _a9706130489 | ||
| 041 | _aspa | ||
| 082 |
_a340 _bFIG |
||
| 100 | 1 | _aFigueroa Alfonzo, Enrique,. | |
| 245 | 1 | 0 | _aNOCIONES DE DERECHO POSITIVO |
| 250 | _a1a ed. | ||
| 260 |
_aMEXICO : _bHARLA, _c1992 |
||
| 300 | _a283 | ||
| 490 | _aTEXTOS JURIDICOS UNIVERSITARIOS | ||
| 650 | 1 | 4 |
_aDERECHO _xLEYES |
| 999 |
_c6531 _d6531 |
||